01737nam a2200301uu 4500001000800000005001700008008004100025020001800066035001200084035002100096040001300117041000800130080000600138082000800144100004500152245013600197260008900333300001800422520048500440650003900925650003400964650004100998700005101039700004001090700007201130710011301202710012001315104315720260507074835.0070827s2007 spa  a9789587140507 a1043157 a(OCoLC)777650206 ccomduadb aspa aE 4a33810aLotero Contreras, Jorge Alonso4edteedt10aIndustria y región en Colombia : desarrollo espacial, productividad y competitividad comercial durante la apertura de los noventa aMedellín :bUniversidad de Antioquia, Centro de Investigaciones Economicas,c2007. a260 páginas3 aEste libro esta conformado por trabajos cuya linea de argumentacion se fundamenta en el analisis de la evolucion de la industria colombiana en relacion con la competitividad regional, abordada desde diferentes perspectivas, pero consistente con el desarrollo economico. Ellos examinan el desarrollo y la competividad de la industria de las regiones y departamentos colombianos entre 1977 y el 2003, enfatizando en el periodo de apertura economica de comienzos de los anos noventa. aIndustria manufacturera - Colombia 7aExportacioneszColombia2lemb aCompetitividad industrial - Colombia10aGallón Gómez, Santiago Alejandro4auteaut10aMoreno Monroy, Ana Isabel4auteaut10aVanegas López, Juan Gabriel4aut0(orcid)0000-0003-1955-0195eaut20aUniversidad de Antioquia. Centro de Investigaciones Economicas. Grupo de Estudios Regionales (GER)4auteaut20aUniversidad de Antioquia. Facultad de Ciencias Económicas. Centro de Investigaciones Económicas (CIE)4auteaut